| 000 | 00682nam a22002177a 4500 | ||
|---|---|---|---|
| 005 | 20130405111950.0 | ||
| 008 | 130221t xxu||||| |||| 00| 0 eng d | ||
| 010 | _aENG-106706 | ||
| 020 |
_a9788188808598 _c700.00 |
||
| 035 | _aEN-90239 | ||
| 037 | _bDBAD / PUB | ||
| 040 |
_adpl _bEnglish |
||
| 082 | _a181.07 | ||
| 100 |
_955100 _aIqbal, Muhammad |
||
| 245 |
_aThe reconstruction of religious thought in Islam / _cby Muhammad Iqbal |
||
| 260 |
_aNew Delhi _bShivalik Prakashan _c2011 |
||
| 270 |
_a27/16, Shakti Nagar _bDelhi _e110007 |
||
| 300 |
_av, 261p. _c20cm(Hb) |
||
| 500 | _aIncludes bibliographical references | ||
| 942 |
_2ddc _cEN _mIQB _h181.07 |
||
| 999 |
_c73778 _d73778 |
||